| 000 | 00445nam a22001577a 4500 | ||
|---|---|---|---|
| 003 | OSt | ||
| 005 | 20260324143303.0 | ||
| 008 | 210428b ||||| |||| 00| 0 eng d | ||
| 040 | _coclc | ||
| 082 |
_a892.736 _bKAN/S |
||
| 100 |
_96698 _aKanafani, Ghassan |
||
| 245 |
_aSooryathapathil/ _cKanafani Ghassan |
||
| 260 |
_aKozhikode: _bIPH, _c2014. |
||
| 300 | _a71 pages | ||
| 942 |
_2ddc _cBK _h892.736 _iKAN/S _k892.736 _mKAN/S |
||
| 999 |
_c41307 _d41307 |
||